[Event "4NCL Online Division 4"]
[Site "online"]
[Date "2022.02.08"]
[EventDate "2022.02.08"]
[Round "2.163"]
[White "Bourke, Matt"]
[WhiteElo "1558"]
[WhiteTeam "Farnham B"]
[Black "Garlant, Colin"]
[BlackElo "1350"]
[BlackTeam "Wells Globetrotters 2"]
[Result "1/2-1/2"]
[PlyCount "136"]

1. e4 c6 2. Nc3 d5 3. Nf3 Bg4 4. h3 Bxf3 5. Qxf3 e6 6. Be2 Nd7 7. d4 dxe4 8. Nxe4 Ngf6 9. Be3 Nxe4 10. Qxe4 Nf6 11. Qd3 Bd6 12. O-O-O Nd5 13. Bd2 Qb6 14. c4 Nf4 15. Qf3 Nxe2+ 16. Qxe2 Qc7 17. Qg4 h5 18. Qxg7 O-O-O 19. Qf6 Rdg8 20. g3 Rg6 21. Qf3 Qe7 22. Rhe1 Rf6 23. Qe2 Bb4 24. c5 Bxd2+ 25. Rxd2 Qd7 26. Qe5 Rfh6 27. Re3 Qd5 28. Qxd5 cxd5 29. Ra3 Kb8 30. Rb3 Rc8 31. Rc2 Rc6 32. Rf3 f6 33. Re3 Rh7 34. b4 a6 35. a4 Rc8 36. Rxe6 Rc6 37. Rce2 Kc8 38. b5 axb5 39. axb5 Rxe6 40. Rxe6 Kd7 41. Rxf6 Ke7 42. Rd6 Rf7 43. f4 h4 44. gxh4 Rxf4 45. Rxd5 Rxh4 46. Kc2 Rxh3 47. c6 bxc6 48. bxc6 Rh8 49. Kc3 Ke6 50. Rc5 Rc8 51. Kc4 Kd6 52. d5 Rc7 53. Rb5 Rf7 54. Kb4 Rf4+ 55. Ka5 Rc4 56. Kb6 Rc1 57. Kb7 Rc2 58. Kc8 Rf2 59. Ra5 Rf8+ 60. Kb7 Rf7+ 61. Kb6 Rf1 62. c7 Rb1+ 63. Rb5 Rc1 64. Kb7 Rxc7+ 65. Kb6 Rc1 66. Ka5 Rd1 67. Kb4 Rxd5 68. Rxd5+ Kxd5 1/2-1/2

[Event "4NCL Online Division 4"]
[Site "online"]
[Date "2022.02.22"]
[EventDate "2022.02.22"]
[Round "3.11"]
[White "Wylie, Steve"]
[WhiteElo "1646"]
[WhiteTeam "Devana Corieltauvorum"]
[Black "Bucchi, Andrea"]
[BlackElo "1582"]
[BlackTeam "Wessex Some Stars G"]
[Result "1-0"]
[PlyCount "49"]

1. d4 e5 2. dxe5 Nc6 3. Nf3 Qe7 4. Qd5 Nb4 5. Qb3 a5 6. c3 Nc6 7. Bf4 a4 8. Qd1 Qe6 9. e3 Nge7 10. Ng5 Qd5 11. Na3 Qxd1+ 12. Rxd1 h6 13. Nf3 Na7 14. e6 dxe6 15. Bxc7 Nec6 16. Nc4 Be7 17. Nb6 Rb8 18. Bxb8 Nxb8 19. Nxc8 Nxc8 20. Bb5+ Nc6 21. Ne5 Na7 22. Bxa4 O-O 23. Nxc6 Nxc6 24. Rd7 Rd8 25. Bxc6 1-0

[Event "4NCL Online Division 4"]
[Site "online"]
[Date "2022.02.22"]
[EventDate "2022.02.22"]
[Round "3.12"]
[White "Davenport, Robert"]
[WhiteElo "1576"]
[WhiteTeam "Wessex Some Stars G"]
[Black "Gray, Paul"]
[BlackElo "1589"]
[BlackTeam "Devana Corieltauvorum"]
[Result "1-0"]
[PlyCount "49"]

1. e4 d5 2. Nc3 c6 3. d4 dxe4 4. Bc4 Nf6 5. f3 exf3 6. Nxf3 h6 7. O-O e6 8. Qe1 Be7 9. Qg3 Nh5 10. Qg4 Nf6 11. Qxg7 Rh7 12. Qg3 Bd6 13. Ne5 Bxe5 14. dxe5 Qd4+ 15. Be3 Qg4 16. exf6 Qxg3 17. hxg3 Nd7 18. Rad1 Ne5 19. Bd3 Rh8 20. Be2 b6 21. Bf4 Nd7 22. Ne4 h5 23. Rd3 Ba6 24. Rd2 Bb7 25. Nd6+ 1-0

[Event "4NCL Online Division 4"]
[Site "online"]
[Date "2022.02.22"]
[EventDate "2022.02.22"]
[Round "3.13"]
[White "Pettitt, David"]
[WhiteElo "1611"]
[WhiteTeam "Devana Corieltauvorum"]
[Black "Blythe, Douglas"]
[BlackElo "1541"]
[BlackTeam "Wessex Some Stars G"]
[Result "1/2-1/2"]
[PlyCount "57"]

1. d4 Nf6 2. c4 g6 3. Nf3 Bg7 4. Nc3 O-O 5. e4 d6 6. Be2 Nbd7 7. O-O e5 8. dxe5 dxe5 9. Qc2 c6 10. Be3 Qe7 11. Rad1 h6 12. a3 a5 13. Rfe1 Kh7 14. h3 Nc5 15. b4 axb4 16. axb4 Ncd7 17. Qb2 Nh5 18. Ra1 Rxa1 19. Rxa1 Nf4 20. c5 f5 21. Qc2 Nf6 22. Bxf4 exf4 23. Bd3 fxe4 24. Nxe4 Nxe4 25. Re1 Bf5 26. Bxe4 Bxe4 27. Rxe4 Qf6 28. Rd4 Rf7 29. Rd6 1/2-1/2

[Event "4NCL Online Division 4"]
[Site "online"]
[Date "2022.02.22"]
[EventDate "2022.02.22"]
[Round "3.14"]
[White "Peacock, Christopher D"]
[WhiteElo "1491"]
[WhiteTeam "Wessex Some Stars G"]
[Black "Johnson, Andy G"]
[BlackElo "1634"]
[BlackTeam "Devana Corieltauvorum"]
[Result "1/2-1/2"]
[PlyCount "99"]

1. d4 d6 2. Bf4 g6 3. e3 Bg7 4. Nf3 Nf6 5. h3 Nbd7 6. Nbd2 a6 7. a4 c5 8. c3 O-O 9. Be2 b6 10. O-O Bb7 11. Qc2 Rc8 12. Rfe1 Nd5 13. Bh2 cxd4 14. exd4 N7f6 15. Qb3 h6 16. Bf1 Re8 17. c4 Nc7 18. Qxb6 Rb8 19. Qb3 Bxf3 20. Qxf3 Rxb2 21. Qc3 Rb8 22. Nf3 Qc8 23. Bd3 Ncd5 24. Qd2 Nb4 25. Bf1 a5 26. h4 Qf5 27. Rac1 Nd7 28. Qf4 Qxf4 29. Bxf4 Nb6 30. c5 Nc8 31. cxd6 Nxd6 32. Bxd6 exd6 33. Rxe8+ Rxe8 34. Bb5 Re4 35. Rc8+ Bf8 36. Rd8 Nc2 37. Re8 Rxe8 38. Bxe8 Bg7 39. d5 Nb4 40. Bc6 f5 41. Kf1 Kf8 42. Ke2 Ke7 43. Nd2 Kd8 44. Nc4 Nxc6 45. dxc6 Kc7 46. Nxa5 Bc3 47. Nc4 Kxc6 48. Kd3 Be1 49. Ke2 Bb4 50. f3 1/2-1/2

[Event "4NCL Online Division 4"]
[Site "online"]
[Date "2022.02.22"]
[EventDate "2022.02.22"]
[Round "3.21"]
[White "Stocks, Foley"]
[WhiteElo "1480"]
[WhiteTeam "Shropshire and Friends 6"]
[Black "Vyas, Alisha"]
[BlackElo "1757"]
[BlackTeam "Barnet Knights C"]
[Result "0-1"]
[PlyCount "88"]

1. e4 c5 2. Nf3 d6 3. Nc3 Nf6 4. d4 cxd4 5. Nxd4 g6 6. f3 Bg7 7. Be3 O-O 8. Qd2 Nc6 9. g4 Qa5 10. a3 Rb8 11. h4 Nxd4 12. Bxd4 a6 13. O-O-O b5 14. Bxf6 Bxf6 15. Nd5 Qxd2+ 16. Rxd2 Be6 17. Nxf6+ exf6 18. Rxd6 a5 19. g5 Kg7 20. Bh3 Rfe8 21. Bxe6 Rxe6 22. gxf6+ Rxf6 23. Rxf6 Kxf6 24. Kd2 Rc8 25. h5 Kg5 26. hxg6 hxg6 27. Rh7 Rc7 28. c3 Kf4 29. Ke2 b4 30. axb4 axb4 31. cxb4 Kg3 32. Ke3 Rb7 33. e5 Re7 34. Ke4 f5+ 35. Kd5 Rxh7 36. e6 Kxf3 37. Kd6 g5 38. e7 Rh8 39. b5 g4 40. b6 g3 41. Kd7 g2 42. e8=Q Rxe8 43. Kxe8 g1=Q 44. b7 Qb6 0-1

[Event "4NCL Online Division 4"]
[Site "online"]
[Date "2022.02.22"]
[EventDate "2022.02.22"]
[Round "3.22"]
[White "Sanfey, Gregor"]
[WhiteElo "1660"]
[WhiteTeam "Barnet Knights C"]
[Black "Casewell, John M"]
[BlackElo "1327"]
[BlackTeam "Shropshire and Friends 6"]
[Result "1-0"]
[PlyCount "61"]

1. Nf3 d5 2. c4 e6 3. g3 Nc6 4. Bg2 Nf6 5. O-O Be7 6. Qc2 O-O 7. a3 b6 8. cxd5 Qxd5 9. Ne1 Qc5 10. Qxc5 Bxc5 11. Bxc6 Rb8 12. Nc3 a6 13. Nf3 Rd8 14. d4 Bxd4 15. Rd1 Rd6 16. Rxd4 Rxd4 17. Nxd4 e5 18. Nf3 Ng4 19. h3 Nxf2 20. Kxf2 f6 21. g4 Be6 22. Nd5 Bxd5 23. Bxd5+ Kh8 24. e4 c5 25. Be3 a5 26. b4 cxb4 27. axb4 axb4 28. Ra8 Rxa8 29. Bxa8 b3 30. Bxb6 b2 31. Nd2 1-0

[Event "4NCL Online Division 4"]
[Site "online"]
[Date "2022.02.22"]
[EventDate "2022.02.22"]
[Round "3.23"]
[White "Evans, Alf"]
[WhiteElo "1297"]
[WhiteTeam "Shropshire and Friends 6"]
[Black "Sarkar, Rian"]
[BlackElo "1539"]
[BlackTeam "Barnet Knights C"]
[Result "0-1"]
[PlyCount "90"]

1. e4 c5 2. Nf3 e6 3. d4 cxd4 4. Nxd4 a6 5. Bd3 b5 6. a3 Bb7 7. O-O Qc7 8. Re1 d6 9. Be3 Nd7 10. Nd2 Ngf6 11. Bg5 Be7 12. Rc1 O-O 13. Qf3 Ne5 14. Qe2 Rac8 15. N2f3 Ned7 16. c4 bxc4 17. Rxc4 Qb6 18. Rec1 Ne5 19. Nxe5 dxe5 20. Nf3 h6 21. Be3 Rxc4 22. Bxb6 Rxc1+ 23. Ne1 Rfc8 24. h3 Bd8 25. Be3 R1c6 26. Nf3 Rd6 27. Nxe5 Nxe4 28. Bxe4 Bxe4 29. Qg4 Bf5 30. Qg3 Rd1+ 31. Kh2 g5 32. Qf3 Rd5 33. Ng4 Kh7 34. Kg1 Kg6 35. Nh2 Rc2 36. b4 Rb2 37. Bc5 Bc7 38. g4 Rb1+ 39. Nf1 Bd3 40. Be7 Rxf1+ 41. Kg2 Be5 42. Qe3 Bf4 43. Qa7 Rc1 44. Qa8 Be4+ 45. f3 Rd2# 0-1

[Event "4NCL Online Division 4"]
[Site "online"]
[Date "2022.02.22"]
[EventDate "2022.02.22"]
[Round "3.24"]
[White "Angelopoulos, Andreas"]
[WhiteElo "1477"]
[WhiteTeam "Barnet Knights C"]
[Black "Ayres, Martin"]
[BlackElo "1216"]
[BlackTeam "Shropshire and Friends 6"]
[Result "1-0"]
[PlyCount "71"]

1. d4 d5 2. c4 e6 3. Nc3 Nf6 4. Bg5 Nbd7 5. e3 Be7 6. cxd5 exd5 7. Bd3 b6 8. Nge2 Bb7 9. O-O O-O 10. f3 c5 11. Rc1 c4 12. Bb1 Re8 13. Qd2 Bc6 14. e4 dxe4 15. fxe4 Bb4 16. e5 Nxe5 17. dxe5 Qxd2 18. Bxd2 Rxe5 19. Bf4 Rh5 20. Ng3 Bc5+ 21. Kh1 Rh3 22. Bf5 Rh4 23. Bg5 Rd4 24. Be3 Rh4 25. Bxc5 bxc5 26. Rfe1 g6 27. Bc2 Ng4 28. h3 Rxh3+ 29. Kg1 Rxg3 30. Be4 Rc8 31. Nd5 Kg7 32. Ne7 Rd8 33. Nxc6 Rd2 34. Bf3 Rd3 35. Bxg4 Rxg4 36. Ne5 1-0

[Event "4NCL Online Division 4"]
[Site "online"]
[Date "2022.02.22"]
[EventDate "2022.02.22"]
[Round "3.31"]
[White "Nancarrow, Richard"]
[WhiteElo "1454"]
[WhiteTeam "Breage Bruisers"]
[Black "Sheehy, Lewis"]
[BlackElo "1096"]
[BlackTeam "Manchester Juniors C"]
[Result "0-1"]
[PlyCount "148"]

1. d4 Nf6 2. Bf4 g6 3. e3 Bg7 4. Be2 c5 5. c3 cxd4 6. cxd4 d6 7. Nc3 Qb6 8. Qc2 Bf5 9. Qd2 Ne4 10. Nxe4 Bxe4 11. Bf3 Qc6 12. Rc1 Qd5 13. Rc8+ Kd7 14. Rxh8 Bxh8 15. Bxe4 Qxe4 16. Nf3 Qb1+ 17. Qd1 Qxd1+ 18. Kxd1 Nc6 19. a3 Rc8 20. Ng5 h6 21. Nxf7 Bg7 22. Bxh6 Rf8 23. Bxg7 Rxf7 24. d5 Nd8 25. Bd4 b6 26. f3 e5 27. dxe6+ Nxe6 28. Bc3 Rf5 29. Ke2 Kc6 30. Rd1 Rh5 31. h3 Nc5 32. Bb4 Rg5 33. g4 Re5 34. Bxc5 bxc5 35. Rc1 Re7 36. b4 Rh7 37. bxc5 dxc5 38. Rh1 c4 39. Kd2 Kc5 40. Kc3 Re7 41. e4 Rf7 42. Rf1 Rb7 43. Kc2 Rh7 44. Rh1 Rf7 45. Rf1 Rh7 46. e5 Kd5 47. Kc3 Rxh3 48. Rd1+ Kxe5 49. Kxc4 Rxf3 50. Rd5+ Ke6 51. Rg5 Kf6 52. Ra5 Rf4+ 53. Kb3 Rxg4 54. Rxa7 Rg1 55. Ra6+ Kg7 56. Ra7+ Kh6 57. a4 g5 58. a5 g4 59. a6 Ra1 60. Ra8 Kg7 61. Ra7+ Kf6 62. Ra8 g3 63. a7 Kf7 64. Kb2 Ra6 65. Rc8 Rxa7 66. Rc1 Kf6 67. Rg1 Rg7 68. Kc2 Ke5 69. Kd2 Kf4 70. Ke2 Kg4 71. Kf1 Kf3 72. Ke1 Re7+ 73. Kf1 Ra7 74. Rg2 Ra1# 0-1

[Event "4NCL Online Division 4"]
[Site "online"]
[Date "2022.02.22"]
[EventDate "2022.02.22"]
[Round "3.33"]
[White "Jenkins-Jones, Gethin"]
[WhiteElo "1397"]
[WhiteTeam "Breage Bruisers"]
[Black "Parker, James"]
[BlackElo "887"]
[BlackTeam "Manchester Juniors C"]
[Result "1-0"]
[PlyCount "87"]

1. e4 e5 2. Nf3 Nc6 3. Bb5 Bc5 4. c3 d6 5. h3 Nf6 6. d3 a6 7. Ba4 b5 8. Bb3 O-O 9. Bg5 h6 10. Bh4 d5 11. Bxd5 Ne7 12. Bxa8 Be6 13. Bd5 Bxd5 14. exd5 Nexd5 15. c4 Nf4 16. O-O bxc4 17. dxc4 Qxd1 18. Rxd1 Ne2+ 19. Kf1 Nd4 20. Nxd4 exd4 21. Bxf6 gxf6 22. Nd2 Re8 23. Nf3 Rd8 24. Rd3 f5 25. Rad1 Kg7 26. Nxd4 Bxd4 27. Rxd4 Rxd4 28. Rxd4 Kg6 29. Rd7 c5 30. Rd5 f4 31. Rxc5 h5 32. Ra5 f5 33. h4 f3 34. Rxa6+ Kf7 35. c5 Ke7 36. Ra3 Ke6 37. Rxf3 Ke5 38. Rc3 f4 39. c6 Kd6 40. c7 Kd5 41. c8=Q Ke4 42. Qc4+ Kf5 43. Rf3 Kg4 44. Qxf4# 1-0

[Event "4NCL Online Division 4"]
[Site "online"]
[Date "2022.02.22"]
[EventDate "2022.02.22"]
[Round "3.34"]
[White "Morrissey, Ashton"]
[WhiteElo "600"]
[WhiteTeam "Manchester Juniors C"]
[Black "Evdokimova, Maria"]
[BlackElo "1428"]
[BlackTeam "Breage Bruisers"]
[Result "0-1"]
[PlyCount "174"]

1. e4 c6 2. Nc3 d5 3. exd5 cxd5 4. d4 Nf6 5. Bf4 e6 6. Nf3 Bb4 7. Bd2 O-O 8. a3 Ba5 9. b4 Bb6 10. Be3 a5 11. Bd3 Nc6 12. bxa5 Bxa5 13. Bd2 Re8 14. O-O e5 15. dxe5 Nxe5 16. Nxe5 Rxe5 17. Re1 Rxe1+ 18. Qxe1 Be6 19. h3 Rc8 20. a4 b6 21. Nb5 Qd7 22. Bxa5 bxa5 23. Qxa5 Bf5 24. Bxf5 Qxf5 25. c3 Ne4 26. Qa6 Qxf2+ 27. Kh2 Qg3+ 28. Kg1 Rf8 29. Nd4 Qxc3 30. Ne2 Qxa1+ 31. Kh2 Nf2 32. Kg3 Ne4+ 33. Kh2 Qb2 34. Qd3 Qe5+ 35. Kg1 Qa1+ 36. Kh2 Qxa4 37. Qxd5 Nf6 38. Qd2 Qh4 39. Ng3 Ng4+ 40. Kg1 Qxg3 41. hxg4 Qxg4 42. Qc2 Rc8 43. Qd2 h5 44. Kh2 h4 45. Qd3 Qf4+ 46. Kh3 Qg3+ 47. Qxg3 hxg3 48. Kxg3 Rc2 49. Kf3 g5 50. g4 Kg7 51. Ke4 Kg6 52. Kf3 Rh2 53. Kg3 Rh4 54. Kf3 f5 55. gxf5+ Kxf5 56. Kg3 Rh1 57. Kg2 Rh8 58. Kg3 Ra8 59. Kh3 Ra3+ 60. Kg2 Kf4 61. Kh2 Kg4 62. Kg2 Kh4 63. Kh2 Rh3+ 64. Kg2 g4 65. Kf2 Ra3 66. Kg2 Ra2+ 67. Kh1 Kh3 68. Kg1 Rh2 69. Kf1 Rh1+ 70. Kf2 Kh2 71. Ke3 g3 72. Kf3 g2 73. Kf2 g1=Q+ 74. Kf3 Qg8 75. Ke4 Re1+ 76. Kd4 Qd8+ 77. Kc3 Rc1+ 78. Kb2 Qd2+ 79. Kb3 Rb1+ 80. Kc4 Qc2+ 81. Kd4 Rd1+ 82. Ke3 Qd2+ 83. Ke4 Qe2+ 84. Kf4 Rf1+ 85. Kg5 Qg2+ 86. Kh4 Rg1 87. Kh5 Qg5# 0-1

[Event "4NCL Online Division 4"]
[Site "online"]
[Date "2022.02.22"]
[EventDate "2022.02.22"]
[Round "3.41"]
[White "Beckett, Phill"]
[WhiteElo "1868"]
[WhiteTeam "Sheffield Uni 70's Graduates"]
[Black "Sugden, Freddie"]
[BlackElo "1839"]
[BlackTeam "Hackney Spice Boys"]
[Result "1-0"]
[PlyCount "67"]

1. e4 e5 2. Nf3 Nc6 3. Bb5 a6 4. Ba4 b5 5. Bb3 Bb7 6. d3 g6 7. O-O Bg7 8. c3 Nge7 9. a4 d5 10. axb5 axb5 11. Rxa8 Bxa8 12. Na3 dxe4 13. dxe4 b4 14. Qxd8+ Nxd8 15. Nb5 Kd7 16. Rd1+ Kc8 17. Ng5 bxc3 18. Nxc3 Bh6 19. Bxf7 Bxg5 20. Bxg5 Nxf7 21. Bxe7 Re8 22. Bc5 h5 23. Nd5 Bxd5 24. Rxd5 Rd8 25. Kf1 Rxd5 26. exd5 Ng5 27. Ke2 Ne4 28. b4 Nc3+ 29. Kd3 Nxd5 30. Ke4 c6 31. Kxe5 Kd7 32. h4 Kc7 33. f3 Kd7 34. g4 1-0

[Event "4NCL Online Division 4"]
[Site "online"]
[Date "2022.02.22"]
[EventDate "2022.02.22"]
[Round "3.42"]
[White "Morgan, Marc"]
[WhiteElo "1651"]
[WhiteTeam "Hackney Spice Boys"]
[Black "Newbery, Rod B"]
[BlackElo "1781"]
[BlackTeam "Sheffield Uni 70's Graduates"]
[Result "0-1"]
[PlyCount "74"]

1. e4 c5 2. Nc3 Nc6 3. Nge2 g6 4. g3 Bg7 5. Bg2 d6 6. O-O e6 7. Qe1 Nge7 8. d3 O-O 9. Nd1 Rb8 10. c3 b5 11. Be3 b4 12. d4 bxc3 13. bxc3 cxd4 14. cxd4 Ba6 15. Ndc3 Rb2 16. Bf3 Qa5 17. Qd1 Rfb8 18. Re1 Nb4 19. Rb1 Nd3 20. Rf1 Rxb1 21. Nxb1 Qxa2 22. Nbc3 Qc4 23. h4 Nc6 24. e5 d5 25. h5 gxh5 26. Bxh5 Rb3 27. Nb1 Rb2 28. Nd2 Qc2 29. f4 Ndb4 30. Qe1 Qd3 31. Nc1 Qc3 32. Be2 Qxe3+ 33. Kh1 Bxe2 34. Rf2 Rxd2 35. Rxe2 Rxe2 36. Nxe2 Nd3 37. Qf1 Nxd4 0-1

[Event "4NCL Online Division 4"]
[Site "online"]
[Date "2022.02.22"]
[EventDate "2022.02.22"]
[Round "3.43"]
[White "McSheehy, Chris J"]
[WhiteElo "1721"]
[WhiteTeam "Sheffield Uni 70's Graduates"]
[Black "Robinson, Joe"]
[BlackElo "1452"]
[BlackTeam "Hackney Spice Boys"]
[Result "1-0"]
[PlyCount "94"]

1. d4 f5 2. e4 fxe4 3. Nc3 Nf6 4. g4 e6 5. g5 Nd5 6. Nxe4 Be7 7. Nf3 O-O 8. Bg2 Nc6 9. O-O d6 10. Re1 Nf4 11. Bxf4 Rxf4 12. Qd2 Rf5 13. c4 Qf8 14. Re3 d5 15. Nc5 Bxc5 16. dxc5 Qxc5 17. Bh3 Rf4 18. cxd5 exd5 19. Re8+ Rf8 20. Rxf8+ Qxf8 21. Qxd5+ Kh8 22. Bxc8 Rxc8 23. Re1 Re8 24. Rxe8 Qxe8 25. Kg2 Qh5 26. Qd7 h6 27. Qxc7 Nd4 28. Qd8+ Kh7 29. Qxd4 hxg5 30. Qe4+ Kh6 31. Qe6+ g6 32. Qc8 Kh7 33. Qxb7+ Kh6 34. Qb8 Kh7 35. Qxa7+ Kh6 36. Qb8 Kh7 37. Qg3 g4 38. Ne5 Kg7 39. b3 Kf6 40. Nxg4+ Kg7 41. Qc7+ Kh8 42. Qd8+ Kg7 43. Qf6+ Kh7 44. Qf7+ Kh8 45. Qf8+ Kh7 46. Qh6+ Qxh6 47. Nxh6 Kxh6 1-0

[Event "4NCL Online Division 4"]
[Site "online"]
[Date "2022.02.22"]
[EventDate "2022.02.22"]
[Round "3.44"]
[White "Saunois, Anthony"]
[WhiteElo "1400"]
[WhiteTeam "Hackney Spice Boys"]
[Black "Varjian, Gary"]
[BlackElo "1388"]
[BlackTeam "Sheffield Uni 70's Graduates"]
[Result "0-1"]
[PlyCount "28"]

1. d4 Nf6 2. c4 d6 3. Nc3 Bf5 4. f3 Nbd7 5. e4 Bg6 6. Nge2 c6 7. Nf4 e5 8. Nxg6 hxg6 9. d5 Nh5 10. g3 Nxg3 11. Rg1 Nxf1 12. Rxf1 Rxh2 13. f4 Qh4+ 14. Rf2 Qxf2# 0-1

[Event "4NCL Online Division 4"]
[Site "online"]
[Date "2022.02.22"]
[EventDate "2022.02.22"]
[Round "3.51"]
[White "Gledhill, Paul"]
[WhiteElo "1543"]
[WhiteTeam "Hebden Bridge 3"]
[Black "Mooney, Graham"]
[BlackTitle "CM"]
[BlackElo "1880"]
[BlackTeam "Dundee City C"]
[Result "0-1"]
[PlyCount "84"]

1. d4 d6 2. Nf3 g6 3. e4 Bg7 4. Bd3 c5 5. d5 a6 6. c4 Bg4 7. O-O Nd7 8. h3 Bxf3 9. Qxf3 Ne5 10. Qe2 Nxd3 11. Qxd3 Qd7 12. Nc3 Nf6 13. Bd2 O-O 14. Rae1 Rab8 15. b3 b5 16. f4 Ne8 17. e5 dxe5 18. fxe5 b4 19. Na4 Qc7 20. Qe3 Rc8 21. Kh1 f6 22. exf6 Bxf6 23. Qe6+ Kg7 24. Nb6 Rd8 25. d6 Rxd6 26. Nd5 Rxe6 27. Nxc7 Nxc7 28. Rxe6 Nxe6 29. Re1 Nd4 30. Be3 Bh4 31. Rd1 e5 32. Kg1 h6 33. Rd2 Bg3 34. Bxd4 exd4 35. Rd3 Bf2+ 36. Kh2 Be3 37. Rd1 Rf2 38. Ra1 d3 39. a3 d2 40. axb4 cxb4 41. Rd1 Re2 42. c5 Re1 0-1

[Event "4NCL Online Division 4"]
[Site "online"]
[Date "2022.02.22"]
[EventDate "2022.02.22"]
[Round "3.52"]
[White "Kosznik, Dariusz"]
[WhiteElo "1867"]
[WhiteTeam "Dundee City C"]
[Black "Marsden, Christopher"]
[BlackElo "1579"]
[BlackTeam "Hebden Bridge 3"]
[Result "1-0"]
[PlyCount "47"]

1. e4 e6 2. d4 g6 3. Nf3 Bg7 4. Nc3 Nf6 5. Bg5 h6 6. Bh4 d6 7. Bd3 Qd7 8. Qe2 Nc6 9. Rd1 b6 10. d5 Ne5 11. Nxe5 dxe5 12. Bb5 g5 13. Bg3 O-O 14. Bxd7 Bxd7 15. Bxe5 exd5 16. Bxf6 Bxf6 17. Nxd5 Be5 18. Ne7+ Kh7 19. Rxd7 Bxb2 20. O-O c5 21. Nf5 Kg6 22. Rfd1 Rfe8 23. h4 f6 24. Rg7# 1-0

[Event "4NCL Online Division 4"]
[Site "online"]
[Date "2022.02.22"]
[EventDate "2022.02.22"]
[Round "3.53"]
[White "Sullivan, Terry"]
[WhiteElo "1379"]
[WhiteTeam "Hebden Bridge 3"]
[Black "Jackson, Robert"]
[BlackElo "1575"]
[BlackTeam "Dundee City C"]
[Result "1-0"]
[PlyCount "73"]

1. d4 b6 2. e4 Bb7 3. Nc3 e6 4. Nf3 Bb4 5. Bd3 d5 6. e5 Bxc3+ 7. bxc3 Ba6 8. Bxa6 Nxa6 9. O-O c5 10. Qe2 Nc7 11. c4 cxd4 12. Nxd4 a6 13. Rd1 Qh4 14. Ba3 Ne7 15. Bd6 Rc8 16. Rab1 Na8 17. cxd5 Nxd5 18. Qxa6 Qd8 19. Qa4+ Qd7 20. Qxd7+ Kxd7 21. Rb3 Rc3 22. Rxc3 Nxc3 23. Rd3 Rc8 24. Kf1 Ke8 25. Rf3 Nd5 26. Ra3 Kd7 27. Ra7+ Ndc7 28. c4 f6 29. g4 Ke8 30. h4 Kf7 31. exf6 Kxf6 32. f4 h6 33. Be5+ Kg6 34. h5+ Kh7 35. f5 exf5 36. Nxf5 g6 37. hxg6+ 1-0

[Event "4NCL Online Division 4"]
[Site "online"]
[Date "2022.02.22"]
[EventDate "2022.02.22"]
[Round "3.54"]
[White "Harley, Trevor"]
[WhiteElo "1619"]
[WhiteTeam "Dundee City C"]
[Black "Nolan, Matthew"]
[BlackElo "1200"]
[BlackTeam "Hebden Bridge 3"]
[Result "1-0"]
[PlyCount "97"]

1. e4 c6 2. d4 d5 3. exd5 cxd5 4. c4 Nf6 5. Nc3 Bg4 6. Nf3 e6 7. c5 Nc6 8. Bb5 Ne4 9. Qd3 a6 10. Ba4 Be7 11. Nxe4 Qa5+ 12. Bd2 Qxa4 13. Nc3 Qa5 14. Nxd5 Qd8 15. Nxe7 Nxe7 16. O-O Nd5 17. Ne5 Bf5 18. Qg3 O-O 19. Ng4 Kh8 20. Ne3 Qf6 21. Nxd5 Qxd4 22. Bc3 Qg4 23. Qxg4 Bxg4 24. Ne3 Be2 25. Rfe1 Bd3 26. Rad1 Rad8 27. Rd2 Rd7 28. Red1 Rfd8 29. Ba5 Rc8 30. Rxd3 Rxd3 31. Rxd3 h6 32. Rd8+ Rxd8 33. Bxd8 f5 34. Nc4 e5 35. Nd6 Kh7 36. Nxb7 e4 37. c6 f4 38. c7 e3 39. fxe3 fxe3 40. c8=Q e2 41. Kf2 e1=Q+ 42. Kxe1 a5 43. Qd7 a4 44. Qf5+ Kg8 45. Nd6 a3 46. bxa3 Kh8 47. Qg6 h5 48. Ne8 h4 49. Qxg7# 1-0

[Event "4NCL Online Division 4"]
[Site "online"]
[Date "2022.02.22"]
[EventDate "2022.02.22"]
[Round "3.62"]
[White "Edmundson, Deborah"]
[WhiteElo "1331"]
[WhiteTeam "Bishop Knights"]
[Black "Coburn, Joseph A"]
[BlackElo "1736"]
[BlackTeam "Wessex Some Stars E"]
[Result "0-1"]
[PlyCount "60"]

1. c4 e5 2. a3 Nf6 3. Nc3 Nc6 4. Nf3 d6 5. e4 Be7 6. Be2 O-O 7. d3 h6 8. Nd5 Be6 9. Nxe7+ Qxe7 10. Bd2 Nd7 11. Bc3 f5 12. exf5 Bxf5 13. Qd2 Nc5 14. Qc2 e4 15. dxe4 Bxe4 16. Qd1 Bxf3 17. gxf3 Rae8 18. Rg1 Ne5 19. Qd5+ Kh8 20. O-O-O Qf6 21. Kb1 Qf5+ 22. Ka2 Qc2 23. Rde1 Na4 24. Bxe5 Rxe5 25. Qd4 c5 26. Bd3 Qd2 27. Re2 Qxe2 28. Bxe2 cxd4 29. Bd1 Nc5 30. Rg3 Re1 0-1

[Event "4NCL Online Division 4"]
[Site "online"]
[Date "2022.02.22"]
[EventDate "2022.02.22"]
[Round "3.63"]
[White "Leeson, Chris J P"]
[WhiteElo "1728"]
[WhiteTeam "Wessex Some Stars E"]
[Black "Brown, Fergus"]
[BlackElo "1295"]
[BlackTeam "Bishop Knights"]
[Result "1-0"]
[PlyCount "65"]

1. d4 d5 2. e3 Nf6 3. Bd3 c5 4. c3 Nc6 5. f4 cxd4 6. exd4 g6 7. Nd2 Bf5 8. Qc2 Bxd3 9. Qxd3 e6 10. Ngf3 Bd6 11. Ne5 Bxe5 12. fxe5 Nd7 13. Nf3 h6 14. O-O Ne7 15. a4 Nf5 16. b4 a6 17. Ra2 O-O 18. g4 Nh4 19. Bxh6 Nxf3+ 20. Qxf3 Rc8 21. Bxf8 Qxf8 22. Raf2 f6 23. exf6 Qf7 24. g5 Rf8 25. a5 b6 26. axb6 Nxb6 27. Re2 Nc4 28. Qg4 Re8 29. Rf3 e5 30. Rh3 Nd6 31. Qh4 Qh7 32. Qxh7+ Kf8 33. Qg7# 1-0

[Event "4NCL Online Division 4"]
[Site "online"]
[Date "2022.02.22"]
[EventDate "2022.02.22"]
[Round "3.64"]
[White "Edmundson, Mark"]
[WhiteElo "895"]
[WhiteTeam "Bishop Knights"]
[Black "Pinto, Phil B"]
[BlackElo "1723"]
[BlackTeam "Wessex Some Stars E"]
[Result "0-1"]
[PlyCount "102"]

1. d4 Nf6 2. Nf3 d5 3. g3 Bg4 4. Bg2 e6 5. O-O h6 6. c4 Nbd7 7. Nc3 c6 8. Qc2 Bf5 9. Qb3 Qc8 10. Ne5 Nxe5 11. dxe5 Nd7 12. f4 Nc5 13. Qd1 dxc4 14. Re1 Be7 15. e4 Bg6 16. Bh3 O-O 17. f5 exf5 18. Rf1 Qd8 19. Qxd8 Raxd8 20. exf5 Bh7 21. f6 gxf6 22. exf6 Bd6 23. Bxh6 Rfe8 24. Bf5 Re5 25. Bxh7+ Kxh7 26. Bg7 Ne6 27. Rae1 Rxe1 28. Rxe1 Nxg7 29. fxg7 Kxg7 30. Rd1 Bc5+ 31. Kh1 Rxd1+ 32. Nxd1 b5 33. Nc3 a5 34. a4 b4 35. Ne4 Be7 36. Nd2 c3 37. bxc3 bxc3 38. Nb3 c2 39. h4 Ba3 40. Kg2 c1=Q 41. Nxc1 Bxc1 42. Kf3 Bd2 43. g4 Kh6 44. Ke2 Bb4 45. Kd3 c5 46. Kc2 c4 47. Kb2 Kg6 48. h5+ Kh6 49. Kc2 f5 50. gxf5 Kxh5 51. f6 Kg6 0-1

[Event "4NCL Online Division 4"]
[Site "online"]
[Date "2022.02.22"]
[EventDate "2022.02.22"]
[Round "3.71"]
[White "Jones, H Trevor"]
[WhiteElo "1768"]
[WhiteTeam "Guildford Castles 2"]
[Black "Ash, Thomas"]
[BlackElo "1700"]
[BlackTeam "Downend 2"]
[Result "0-1"]
[PlyCount "102"]

1. c4 Nf6 2. Nc3 g6 3. e4 d6 4. g3 Bg7 5. Bg2 O-O 6. Nge2 c5 7. O-O Nc6 8. d3 Rb8 9. h3 Bd7 10. Kh2 a6 11. Rb1 b5 12. Nd5 b4 13. b3 a5 14. Bb2 e6 15. Nxf6+ Bxf6 16. d4 cxd4 17. Nxd4 Nxd4 18. Bxd4 e5 19. Be3 Bc6 20. Qd3 Qc7 21. Rbd1 Rfd8 22. Rd2 Rd7 23. h4 Qb7 24. Bh6 a4 25. Rfd1 Ra8 26. Qe3 Be7 27. f3 axb3 28. axb3 Qa7 29. Bh3 Qxe3 30. Bxe3 Rb7 31. Rb2 f5 32. exf5 Bxf3 33. fxg6 hxg6 34. Be6+ Kg7 35. Bd5 Bxd1 36. Bxb7 Ra3 37. Bd2 Rxb3 38. Rxb3 Bxb3 39. Bxb4 Bxc4 40. Kg2 Kf6 41. Kf3 d5 42. Bd2 e4+ 43. Kf2 Bc5+ 44. Be3 d4 45. Bg5+ Kf5 46. Bc8+ Be6 47. Ba6 d3+ 48. Kf1 Kg4 49. Bf4 Kf3 50. Bb5 Bf2 51. Bxd3 Bh3# 0-1